UFC main event winners in 2022 - Statistics

General Stats
  • This quiz has been taken 205 times
  • The average score is 26 of 42
Answer Stats
Losers Winners % Correct
Robert Whittaker dec Israel Adesanya
94%
Jared Cannonier dec Israel Adesanya
94%
Cyril Gane dec Francis Ngannou
90%
Kamaru Usman ko (5) Leon Edwards
90%
Justin Gaethje sub (1) Charles Oliveira
88%
Bobby Green tko (1) Islam Makhachev
86%
Charles Oliveira sub (2) Islam Makhachev
86%
Israel Adesanya tko (5) Alex Pereira
84%
The Korean Zombie tko (4) Alexander Volkanovski
82%
Jorge Masvidal dec Colby Covington
81%
Julianna Pena dec Amanda Nunes
79%
Johnny Walker ko (1) Jamahal Hill
79%
Thiago Santos tko (4) Jamahal Hill
79%
Tai Tuivasa ko\tko (3) Cyril Gane
77%
Glover Teixeira sub (5) Jiri Prochazka
77%
Aleksandar Rakić tko (3) Jan Blachowicz
72%
Magomed Ankalaev split draw Jan Blachowicz
72%
Tony Ferguson sub (4) Nate Diaz
72%
Chris Daukaus ko (2) Curtis Blaydes
70%
Tom Aspinall tko (1) Curtis Blaydes
70%
Sean Strickland split dec Jared Cannonier
70%
Brian Ortega tko (1) Yair Rodriguez
65%
Rob Font dec Marlon Vera
63%
Dominick Cruz ko (4) Marlon Vera
63%
Alexander Volkov sub (1) Tom Aspinall
58%
Arman Tsarukyan dec Mateusz Gamrot
57%
Giga Chikadze dec Calvin Kattar
54%
Kevin Holland tko (4) Stephen Thompson
54%
Jack Hermansson dec Sean Strickland
52%
Calvin Kattar tko (2) Arnold Allen
50%
Jairzinho Rozenstruik tko (1) Alexander Volkov
46%
Song Yadong tko (4) Cory Sandhagen
45%
Thiago Santos dec Magomed Ankalaev
43%
Amanda Lemos sub (1) Jessica Andrade
40%
Rafael dos Anjos tko (5) Rafael Fiziev
39%
Calvin Cattar split dec Josh Emmett
36%
Mackenzie Dern dec Xiaonan Yan
35%
Vicente Luque dec Belal Muhammad
32%
Viviane Araujo dec Alexa Grasso
28%
Marina Rodriguez tko (3) Amanda Lemos
23%
Ion Cutelaba tko (2) Kennedy Nzechukwu
16%
Holly Holm split dec Ketlen Vieira
14%
No matching quizzes found
Score Distribution
Percent of People with Each Score
Percentile by Number Answered
Your Score History
You have not taken this quiz